000 01233nam a2200349 i 4500
001 13820
003 KOSZ 005
005 20200630132828.0
008 070922s1971 pl a f 001 0 pol
015 _aPB 1971/6843
035 _a(OCoLC)749302851
040 _aWA N
_cWA N
_dKOSZ 005/KK
041 1 _apol
_heng
080 _a530.1
100 1 _aMatthews, Paul Taunton.
245 1 0 _aWstęp do mechaniki kwantowej /
_cP. T. Matthews ; [z angielskiego tłumaczenie Andrzej Żardecki].
246 1 _iTytuł oryginału:
_aIntroduction to quantum mechanics.
250 _aWydanie 2.
260 _aWarszawa :
_bPaństwowe Wydawnictwo Naukowe,
_c 1971.
300 _a226, [1] stron :
_bilustracje ;
_c23 cm.
336 _2rdacontent
_aTekst
_btxt
337 _2rdamedia
_aBez urządzenia pośredniczącego
_bn
338 _2rdacarrier
_aWolumin
_bn
380 _aKsiążki.
658 _aInżynieria i technika
658 _aFizyka i astronomia
650 4 _aMechanika kwantowa
700 1 _aŻardecki, Andrzej.
_eTł.
710 _aPaństwowe Wydawnictwo Naukowe
_4pbl.
856 _uhttp://koha.tu.koszalin.pl/cgi-bin/koha/opac-detail.pl?biblionumber=13820
_yKatalog online BPK
942 _2UKD
_cKS
999 _c13820
_d13820